000
00320nam a2200145Ia 4500
008
210210b1943 xxu||||| |||| 00| 0 eng d
041
_a
eng
082
_a
320/576
100
_a
STOCKES (A P)
245
_a
USSR
260
_a
_b
Not Mentioned
_c
1943
650
_a
USSR
690
_a
Political Science
906
_a
003209
999
_c
118546
_d
118546